00916nam a2200241Ia 4500001000700000003000500007008004100012010001100053020001800064040000900082082002100091100001600112245017600128250001900304260005300323300001500376500011400391503001800505504003300523650005600556700003000612700003200642Z_6973CHAP220113s2001 xx 000 0 und d a170231 a0-9618940-2-4 cCHAP a598.07234973 P95 aPyle, Peter aIdentification guide to North American birds : part I Columbidae to Ploceidae /cPeter Pyle ; colaboradores Steve N.G. Howell...[et al.] ; ilustración Steve N.G. Howell a2a reimp. 2001 aBolinas, California :bSlate Creek Press,c2001 axi, 732 p. a"A compendium of information on identifying, ageing, and sexing 'near-passerines' and passerines in the hand" aej.1: consumo aBibliografís: p. 692 - 723 aAves xx América del Norte xx Identificación a Howell, Steve N. G., il. aHowell, Steve N. G., colab